000 01418cam a2200217 4500
001 ABS66199
008 021219n2002 000 0 eng u
035 _a(Sirsi) u120850
100 _aRawstron, A
245 _aPlaying with contracts can muddy completion disputes
260 _c2002
490 _aConstruction News
_v (6790) 31 October 2002, 54(1)
520 _aConsiders issue of disputes over delays to completion of works, which are made complicated when partial possession has taken place. A change in the usual wording of the contract, in this case the JCT WCD 1981, can add to these problems. In the case of "Skanska Construction (Regions) Ltd v Anglo-Amsterdam Corporation Ltd" [2002] it was found that contracts should make provision for the adjustment of the liquidated damages regime in the circumstance where the client required partial possession of the works. Concludes that if clients can take possession of the whole of the works prior to the completion date, the contract should make it clear that practical completion is deemed to have taken place at that date.
590 _aABS
650 _aJCT STANDARD FORM OF CONTRACT WITH CONTRACTOR'S DESIGN (1981 EDITION)
650 _aPARTIAL POSSESSION
650 _aPRACTICAL COMPLETION
650 _aSKANSKA CONSTRUCTION (REGIONS) LTD V ANGLO-AMSTERDAM CORPORATION LTD
690 _aBUILT ENVIRONMENT-BUILDING CONTRACT FORMS
942 _n0
999 _c71828
_d71828